LEADER 01204nam0 2200325 450 001 000021943 005 20080911130832.0 010 $a978-0-521-61502-0 100 $a20080714d2007----km-y0itaa50------ba 101 0 $aeng 102 $aGB 200 1 $a<> byzantine economy$fAngeliki E. Laiou and Cecile Morrisson 210 $aCambridge$cCambridge University Press$dc2007 215 $a270 p.$d22 cm 225 2 $aCambridge medieval textbooks 410 1$12001$aCambridge medieval textbooks 607 $aImpero d'Oriente$xCondizioni politiche ed economiche 676 $a330.9495$v(21. ed.)$9Situazioni e condizioni economiche. Grecia 700 1$aLaiou,$bAngeliki E.$0211555 701 1$aMorrisson,$bCécile$0757378 801 0$aIT$bUniversità della Basilicata - B.I.A.$gRICA$2unimarc 912 $a000021943 996 $aByzantine economy$91527933 997 $aUNIBAS BAS $aLETTERE CAT $aSTD065$b01$c20080714$lBAS01$h1120 CAT $aTTM$b30$c20080819$lBAS01$h1233 CAT $aMDL$b30$c20080911$lBAS01$h1308 FMT Z30 -1$lBAS01$LBAS01$mBOOK$1BASA1$APolo Storico-Umanistico$2DID$BDidattica$3FM/107048$6107048$5L107048$820080714$f04$FPrestabile Didattica LEADER 00943nam0 22002531i 450 001 RML0298935 005 20231121125741.0 100 $a20121121f ||||0itac50 ba 101 | $afre 102 $ach 181 1$6z01$ai $bxxxe 182 1$6z01$an 200 1 $a˜L' œinvention et l'écriture$edans la Torpille d'Honoré de Balzac avec le texte inèdit du manuscrit original$fJean Pommier 210 $aGenève $cLibrairie Droz , 195 215 $a248 p.$d23 cm 700 1$aPommier$b, Jean$3RMLV181750$0172889 801 3$aIT$bIT-01$c20121121 850 $aIT-FR0017 899 $aBiblioteca umanistica Giorgio Aprea$bFR0017 912 $aRML0298935 950 0$aBiblioteca umanistica Giorgio Aprea$d 52CIS 3/323$e 52VM 0000688085 VM barcode:67096-10. - Inventario:3716 FLSVM$fA $h20070521$i20121204 977 $a 52 996 $aInvention et l'écriture$93629476 997 $aUNICAS